000 00703 a2200181 4500
003 Nust
005 20170207153214.0
040 _cNust
082 _a621.382
100 _aJaved, Sana (MSEE-11)
245 _aImplementation of interleave division multiple access (IDMA)
_cSana Javed
260 _bMCS, NUST
_c2008
_aRawalpindi
300 _axi, 56, p.;
505 _aIntroduction (page-1) Evolution of wireless communication (page-4) Interleave division multiple access (page-17) 4G features of IDMA (page-29) Simulation testbed for IDMA implemented in simulink (page-35) simulation results (page-44) Conclusion (page-52).
538 _aAlmirah No 69 Shelf No 2
650 _aMS Thesis
651 _aMSEE-11
942 _cTHS
999 _c181529
_d181529